000 00553nam a2200181 i 4500
001 91286
003 ES-MaACL
005 20230906180702.0
007 t|
008 050128s1969 sp ||||1| spa d
100 1 _aLeppich, Johann.
_971732
245 1 0 _aMeditando entre semáforos /
_cJuan Leppich ; [versión española por: Manuel Fernández].
250 _a2ª ed.
260 _aEstella (Navarra) :
_bVerbo Divino,
_c[1969]
300 _a229 p. ;
_c18 cm.
700 1 _aFernández, Manuel,
_cO.S.A.
_949402
852 _aES-MaACL
_jC-53349
_bR.70787
999 _c91286
_d91286